| 000 | 00508nam a2200181Ia 4500 | ||
|---|---|---|---|
| 005 | 20250508153333.0 | ||
| 008 | 008 250505s9999 xx 000 0 fre d | ||
| 037 | _aBooks to be hide in OPAC | ||
| 040 |
_aFEDL _beng _cFEDL |
||
| 041 |
_afre _2eng |
||
| 084 |
_a607, FRA/O _qFEDL |
||
| 100 |
_aBriat Rapport De M _9763729 |
||
| 245 | 0 | _aL'enseignement professionnel | |
| 260 |
_aParis _bImprimerie Nationale _c1905 |
||
| 300 | _a159p. | ||
| 942 |
_cHB _h607, FRA/O |
||
| 999 |
_c1342117 _d1342117 |
||